000 00457nam a22001697a 4500
999 _c345
_d345
005 20210907150308.0
008 160430b xxu||||| |||| 00| 0 eng d
020 _a195674324
041 _aeng
082 _b00984
100 _aworld Bank
_9298
245 _aIndia Re-emerging the Agriculture sector to sustaing rawta and Reduce Poverty.
260 _aNew Delhi
_bOxford University Press,
_c2005
300 _a71
650 _aManagement
_9241
942 _cBK